| 000 | 01278nam a22003497a 4500 | ||
|---|---|---|---|
| 003 | BO-EaUP | ||
| 005 | 20260504152532.0 | ||
| 008 | 260504b2022 ck ad|||ri||| 00| 0 spa d | ||
| 020 | _a978-958-503-390-0 | ||
| 040 |
_aBO-EaUP _cBiblioadmiempresas _eRDA _bspa |
||
| 041 |
_aspa _hspa |
||
| 043 | _as-ck | ||
| 082 |
_221 _a658.787 |
||
| 092 |
_a658.787 _SG9347i.3 |
||
| 100 |
_aGuerrero Salas, Humberto _eAutor _955 |
||
| 245 | 1 | 0 |
_aInventarios : manejo y control / _cHumberto Guerrero S. |
| 250 | _aTercera edición | ||
| 260 |
_aBogotá : _bEcoe Edicones, _c2022 |
||
| 300 |
_axxiii, 192 páginas ; _bIlustraciones, cuadros, gráficos.-- (Ciencias empresariales. Logística) ; _c17 x 24 centímetros ; _fRústico |
||
| 336 |
_2rdacontenido _atexto _btxt |
||
| 337 |
_2rdamedia _ano mediado _bn |
||
| 338 |
_avolumen _bnc _2rdacarrier |
||
| 505 | 2 | _aCAPÍTULOS 1. Generalidades de los modelos de inventarios.- | |
| 505 | 2 | _aCAPÍTULOS 2. Modelos Determinísticos.- | |
| 505 | 2 | _aCAPÍTULOS 3. Sistemas de Inventarios.- | |
| 505 | 2 | _aCAPÍTULOS 4. Modelos Estocásticos.-- | |
| 650 |
_aLOGÍSTICA EMPRESARIAL _91651 |
||
| 650 |
_aCONTROL DE INVENTARIOS _95926 |
||
| 653 | _aADMINISTRACIÓN DE MATERIALES | ||
| 653 | _aMODELOS MATEMÁTICOS | ||
| 942 |
_2ddc _cBK _n0 _e21 |
||
| 999 |
_c5510 _d5510 |
||